La Mujer y la salud en Costa Rica
Պահպանված է:
| Համատեղ հեղինակ: | |
|---|---|
| Ձևաչափ: | Տեքստ |
| Լեզու: | Spanish |
| Հրապարակվել է: |
San José :
|
| Ցուցիչներ: |
Ավելացրեք ցուցիչ
Չկան պիտակներ, Եղեք առաջինը, ով նշում է այս գրառումը!
|
MARC
| LEADER | 00000 a a2200000 04500 | ||
|---|---|---|---|
| 001 | 17963 | ||
| 003 | cru CIDCACS/IIS | ||
| 005 | 20231024145748.0 | ||
| 008 | 231024b |||||||| |||| 00| 0 spa d | ||
| 040 | |c cru CIDCACS/IIS | ||
| 090 | |a 15.04.04 C733m | ||
| 110 | |a Comisión Nacional de Evaluación Quinquenio 1976-1980 | ||
| 245 | |a La Mujer y la salud en Costa Rica | ||
| 260 | |a San José : | ||
| 300 | |a 39 p | ||
| 942 | |2 z |c LI |h 15.04.04 C733m |i 07359 |6 150404_C733M_07359 | ||
| 999 | |c 15081 |d 15081 | ||
